World Capitals by Longitude - Statistics

General Stats
  • This quiz has been taken 39 times
  • The average score is 135 of 200
Answers on the Map
Answers color-coded by a green-red scale on the quiz's map according to % correct below.
 
Answer Stats
Longitude Capital % Correct
01.32E Andorra la Vella
89%
01.20E Lome
89%
02.20E Paris
89%
03.08E Algiers
78%
04.54E Amsterdam
78%
13.25E Berlin
78%
04.21E Brussels
78%
12.34E Copenhagen
78%
00.05W London
78%
06.09E Luxembourg
78%
02.06E Niamey
78%
02.42E Porto-Novo
78%
14.22E Prague
78%
12.29E Rome
78%
18.03E Stockholm
78%
54.22E Abu Dhabi
67%
07.32E Abuja
67%
00.06W Accra
67%
38.42E Addis Ababa
67%
35.52E Amman
67%
32.54E Ankara
67%
47.31E Antananarivo
67%
171.50W Apia
67%
57.50E Ashgabat
67%
38.55E Asmara
67%
71.30E Astana
67%
57.30W Asuncion
67%
23.46E Athens
67%
44.30E Baghdad
67%
49.56E Baku
67%
07.55W Bamako
67%
115.00E Bandar Seri Begawan
67%
100.35E Bangkok
67%
18.35E Bangui
67%
16.40W Banjul
67%
62.43W Basseterre
67%
116.20E Beijing
67%
35.31E Beirut
67%
20.37E Belgrade
67%
88.30W Belmopan
67%
07.28E Bern
67%
74.46E Bishkek
67%
15.45W Bissau
67%
26.21E Bloemfontein
67%
74.00W Bogota
67%
47.55W Brasilia
67%
17.07E Bratislava
67%
15.12E Brazzaville
67%
59.30W Bridgetown
67%
26.10E Bucharest
67%
19.05E Budapest
67%
60.00W Buenos Aires
67%
31.14E Cairo
67%
149.08E Canberra
67%
18.42E Cape Town
67%
66.55W Caracas
67%
60.58W Castries
67%
28.50E Chisinau
67%
13.49W Conakry
67%
02.42E Cotonou
67%
17.29W Dakar
67%
36.18E Damascus
67%
90.26E Dhaka
67%
125.34E Dili
67%
42.20E Djibouti
67%
35.45E Dodoma
67%
51.35E Doha
67%
06.15W Dublin
67%
68.48E Dushanbe
67%
13.17W Freetown
67%
179.13E Funafuti
67%
25.57E Gaborone
67%
58.12W Georgetown
67%
29.92E Gitega
67%
90.22W Guatemala City
67%
105.55E Hanoi
67%
31.02E Harare
67%
82.22W Havana
67%
25.03E Helsinki
67%
159.57E Honiara
67%
73.10E Islamabad
67%
106.49E Jakarta
67%
35.22E Jerusalem
67%
31.58E Juba
67%
69.11E Kabul
67%
32.30E Kampala
67%
85.20E Kathmandu
67%
32.35E Khartoum
67%
30.28E Kiev
67%
30.04E Kigali
67%
76.50W Kingston
67%
61.10W Kingstown
67%
15.15E Kinshasa
67%
101.41E Kuala Lumpur
67%
48.00E Kuwait City
67%
68.12W La Paz
67%
09.26E Libreville
67%
33.48E Lilongwe
67%
77.00W Lima
67%
09.10W Lisbon
67%
14.33E Ljubljana
67%
13.15E Luanda
67%
28.16E Lusaka
67%
03.45W Madrid
67%
171.27E Majuro
67%
08.50E Malabo
67%
73.28E Male
67%
86.20W Managua
67%
50.30E Manama
67%
121.03E Manila
67%
32.32E Maputo
67%
27.30E Maseru
67%
31.06E Mbabane
67%
99.10W Mexico City
67%
27.30E Minsk
67%
45.25E Mogadishu
67%
0.742E Monaco
67%
10.47W Monrovia
67%
56.11W Montevideo
67%
43.16E Moroni
67%
37.35E Moscow
67%
57.30E Muscat
67%
36.48E Nairobi
67%
77.20W Nassau
67%
96.08E Naypyidaw
67%
14.59E N'Djamena
67%
77.13E New Delhi
67%
134.62E Ngerulmud
67%
33.25E Nicosia
67%
15.96W Nouakchott
67%
174.00W Nukualofa
67%
10.45E Oslo
67%
75.42W Ottawa
67%
01.30W Ouagadougou
67%
158.09E Palikir
67%
79.25W Panama City
67%
55.10W Paramaribo
67%
104.55E Phnom Penh
67%
19.26E Podgorica
67%
72.20W Port-au-Prince
67%
57.50E Port Louis
67%
147.08E Port Moresby
67%
61.51W Port-of-Spain
67%
168.32E Port Vila
67%
23.34W Praia
67%
28.12E Pretoria
67%
21.16E Pristina
67%
125.30E Pyongyang
67%
78.35W Quito
67%
6.85W Rabat
67%
21.57W Reykjavik
67%
24.08E Riga
67%
46.42E Riyadh
67%
61.24W Roseau
67%
61.75W Saint George's
67%
61.85W Saint John's
67%
44.21E Sana'a
67%
84.02W San Jose
67%
12.30E San Marino
67%
89.10W San Salvador
67%
70.40W Santiago
67%
69.59W Santo Domingo
67%
06.39E Sao Tome
67%
18.26E Sarajevo
67%
126.58E Seoul
67%
103.81E Singapore
67%
21.26E Skopje
67%
23.20E Sofia
67%
173.00E South Tarawa
67%
79.90E Sri JayawardenepuraKotte
67%
65.26W Sucre
67%
178.30E Suva
67%
121.56E Taipei
67%
24.48E Tallinn
67%
69.10E Tashkent
67%
44.50E Tbilisi
67%
87.14W Tegucigalpa
67%
51.30E Tehran
67%
89.45E Thimphu
67%
19.49E Tirana
67%
139.65E Tokyo
67%
13.07E Tripoli
67%
10.11E Tunis
67%
107.01E Ulaan Baatar
67%
09.31E Vaduz
67%
14.31E Valletta
67%
12.29E Vatican City
67%
55.45E Victoria
67%
16.37E Vienna
67%
102.36E Vientiane
67%
25.19E Vilnius
67%
21.00E Warsaw
67%
77.02W Washington D.C.
67%
174.46E Wellington
67%
17.04E Windhoek
67%
05.17W Yamoussoukro
67%
11.35E Yaounde
67%
166.92E Yaren
67%
44.31E Yerevan
67%
15.58E Zagreb
67%
No matching quizzes found
Score Distribution
Percent of People with Each Score
Percentile by Number Answered
Your Score History
You have not taken this quiz